Planning in house training : a personal system with an organizational perspective

Bibliographic Details
Main Author: Sauer, Stephen F.
Other Authors: Holland, Ronald E.
Format: Book
Published: Austin, Texas : learning concepts , 1981
Subjects:

MARC

LEADER 00000cam a2200000 7i4500
001 0000002631
005 20030122.0
020 |a 0893840491 
040 |a INS 
090 0 0 |a HF5549.5.T7   |b S326 1981 
100 1 |a Sauer, Stephen F. 
245 1 0 |a Planning in house training :   |b a personal system with an organizational perspective   |c Stephen F. Saver, Ronald E. Holland 
260 |a Austin, Texas :   |b learning concepts ,   |c 1981 
300 |a x, 175p. :   |b ill ;   |c 28 cm. 
650 0 0 |a Planning   |z In.   |x services training 
700 1 |a Holland, Ronald E. 
999 |a 0000000947   |b BOOK   |c Open Shelf   |e Default branch